| 000 | 00692 a2200217 4500 | ||
|---|---|---|---|
| 005 | 20180924112456.0 | ||
| 008 | 180924s2017 bl ||||| |||| 00| 0 por d | ||
| 020 | _a9788574749792 | ||
| 040 |
_aCO-BoUCM _bspa _cSaul Niño _dSaul Niño |
||
| 041 | 0 | _apor | |
| 100 | 1 | 0 |
_aRüdiger, Francisco _993719 |
| 245 | 1 | 0 |
_aOrigens do pensamiento academico em Jornalismo _cFrancisco Rudiger |
| 260 |
_aFlorianópolis _bEditora Insular _c2017 |
||
| 300 | _a236 páginas | ||
| 490 |
_aSerie jornalismo a rigor _v2 |
||
| 546 | _aTexto en francés | ||
| 650 | 7 |
_921340 _aPeriodismo |
|
| 650 | 7 |
_9137 _aComunicación |
|
| 942 |
_cLIBRO _2DEWEY _a1 _e1 _h070 _mR279o |
||
| 999 |
_c310610 _d310610 |
||